Statistics for Starts with Each Letter

Click here to take the quiz!

General Stats

  • This quiz has been taken 129 times
    (89 since last reset)
  • The average score is 15 of 26

Answer Stats

LettersCategoriesAnswer% Correct
AMost Popular PiesApple
92%
NContinentsNorth America
92%
EPlanetsEarth
91%
HU.S StatesHawaii
86%
LU.S PresidentsLincoln
86%
QNew York BoroughsQueens
84%
SWorld LanguageSpanish
80%
UAfrican CountriesUganda
78%
YThree Letter AnimalsYak
77%
OCountriesOman
70%
JWorld ReligionsJudaism
68%
FPacific Island CountriesFiji
65%
MAustralian State CapitalsMelbourne
64%
RDisney PrincessesRapunzel
61%
ZGreek LettersZeta
58%
XElementsXenon
57%
WNFL CitiesWashington D.C
54%
GThree Letter Body PartsGum
51%
PMegacityParis
51%
IBooks of the BibleIsaiah
36%
TMajor IslandsTasmania
15%
KIslands of JapanKyushu
12%
DOrchestra InstrumentsDouble Bass
9%
BLongest RiversBrahmaputra
5%
VSeven SummitsVinson Massif
4%
CRoman OlympiansCeres
3%

Score Distribution

Percentile by Number Answered

Percent of People with Each Score

Your Score History

You have not taken this quiz since the last reset